Smart Antenna System Design for Target Tracking / (Record no. 188364)
[ view plain ]
| 000 -LEADER | |
|---|---|
| fixed length control field | 00500 a2200169 4500 |
| 003 - CONTROL NUMBER IDENTIFIER | |
| control field | NUST |
| 005 - DATE AND TIME OF LATEST TRANSACTION | |
| control field | 20251022122353.0 |
| 040 ## - CATALOGING SOURCE | |
| Transcribing agency | Nust |
| 082 ## - DEWEY DECIMAL CLASSIFICATION NUMBER | |
| Classification number | 621.382,KAU |
| 100 ## - MAIN ENTRY--PERSONAL NAME | |
| Personal name | Kausar,Umar Ahmed (TE-43-A) |
| 9 (RLIN) | 131426 |
| 245 ## - TITLE STATEMENT | |
| Title | Smart Antenna System Design for Target Tracking / |
| Statement of responsibility, etc. | Ahmed Umar Kausar, Hassan Umair, Muhammad Ashar Anis, Tayyab Hassan |
| 260 ## - PUBLICATION, DISTRIBUTION, ETC. | |
| Place of publication, distribution, etc. | Rawalpindi |
| Name of publisher, distributor, etc. | MCS |
| Date of publication, distribution, etc. | August 2010 |
| 300 ## - PHYSICAL DESCRIPTION | |
| Extent | 32 p.; |
| 650 ## - SUBJECT ADDED ENTRY--TOPICAL TERM | |
| Topical term or geographic name entry element | UG Projects |
| 9 (RLIN) | 98716 |
| 651 ## - SUBJECT ADDED ENTRY--GEOGRAPHIC NAME | |
| Geographic name | TE-43-A |
| 9 (RLIN) | 131427 |
| 942 ## - ADDED ENTRY ELEMENTS (KOHA) | |
| Koha item type | Project Report |
| Source of classification or shelving scheme | |
| Withdrawn status | Lost status | Source of classification or shelving scheme | Damaged status | Not for loan | Permanent Location | Current Location | Shelving location | Date acquired | Full call number | Barcode | Date last seen | Price effective from | Koha item type | Public note |
|---|---|---|---|---|---|---|---|---|---|---|---|---|---|---|
| Military College of Signals (MCS) | Military College of Signals (MCS) | Reference | 12/12/2016 | 621.382,KAU | MCSPTE-169 | 12/08/2016 | 12/12/2016 | Project Report | Almirah No.90, Shelf No.3 |
